Contraceptive technology. (Record no. 3793)

MARC details
000 -LEADER
fixed length control field 01754cas a2200229 a 4500
020 ## - INTERNATIONAL STANDARD BOOK NUMBER
ISBN 9780829031713
020 ## - INTERNATIONAL STANDARD BOOK NUMBER
ISBN 0829031731 (1994)
020 ## - INTERNATIONAL STANDARD BOOK NUMBER
ISBN 0829031715 (1994 : pbk)
022 0# - INTERNATIONAL STANDARD SERIAL NUMBER
ISSN 0091-9721
050 #4 - CALL NUMBER
Classification number RG136
Item number .C74
245 00 - TITLE
Title Contraceptive technology.
260 ## - PUBLICATION INFORMATION
Place of publication New York :
Name of publisher Irvington Publishers [distributed by Halstead Press]
300 ## - DESCRIPTION
Number of Pages v. :
Other physical details ill.
Dimensions 22-24 cm.
440 #4 - SERIES
SERIES The Irvington population and demography series.
500 ## - NOTES
General note Description based on: 1976/1977.
500 ## - NOTES
General note Some vols. also called "revised ed."
500 ## - NOTES
General note Part of Irvington population and demography series for 1976/77-1978/79.
505 ## - FORMATTED CONTENTS NOTE
Table of Content Sexuality and reproductive Female genital tract cancer screening --<br/>The menstrual cycle <br/>HIV/AIDS and reproductive health <br/>Sexual transmitted diseases<br/>The essentials of contraception<br/>Abstinence and the range of sexual expression <br/>Condoms<br/>Vaginal spermicides<br/>The diaphragm, contraceptive sponge, cervical gap & female condoms<br/>The pill: combined oral contraceptives<br/>Norplant, Depo-provera and progrestin - only pills (mini- pills)<br/>Fertility Awareness<br/>Coitus Interruptus (withdrawal)<br/>Intrauterine devices<br/>Voluntary surgical contraception (sterilization)<br/>Emergency contraception: postcoital options<br/>Postpartum contraception and lactation<br/>Pregnancy testing and management of early pregnancy<br/>Abortion<br/>Menstrual problems & common gynecologic concerns<br/>Cervical Cytological Screening<br/>Infertility<br/>Education and counseling<br/>Adolescent sexual behavior, pregnancy and childbearing<br/>Dynamics of reproductive behavior & population change<br/>Future methods<br/>Contraceptive failure rate<br/>Selected family planning resources<br/><br/><br/>
650 #0 - SUBJECTS
Topical Term Contraception
650 #0 - SUBJECTS
Topical Term Contraceptives
942 ## - ADDED ENTRY ELEMENTS (KOHA)
Koha item type Books
Holdings
Withdrawn status Lost status Collection code Home library Current library Shelving location Date acquired Source of acquisition Full call number Accession Number Koha item type
    Reference Methodist University Library Main Methodist University Library Main General Stacks   Donation from Prof. Berth K. Yeboah USA RG136 .C74 3957 Books
Copyright © 2026  MUG Library